000 01494nam a2200457 c 4500
999 _c51052
_d51052
001 51052
003 ES-MaCES
005 20181218095002.0
008 180511s2011 ar ||| | spa d
017 _aM 3425-2018
_bDL
020 _a9789876291545
040 _aES-MaCES
_bspa
_cES-MaCES
041 1 _aspa
_heng
100 1 _939381
_aHolmes, Stephen
245 1 3 _aEl costo de los derechos
_b: por qué la libertad depende de los impuestos
_cStephen Holmes, Cass R. Sunstein ; [trad. de Stella Mastrangelo]
250 _a1ª ed
260 _aMadrid
_bSiglo XXI editores
_c2011
300 _a262 p.
_c21 cm
490 1 _aDerecho y política
500 _aTraducción de: The cost of rights
504 _aBibliografía: p. 257-262
541 _cCompra
650 7 _alibertad
_927176
650 7 _aderechos civiles
_930100
650 7 _aEstado
_927203
650 7 _aintervención estatal
_929380
650 7 _agasto público
_928076
650 7 _aimpuesto
_928086
650 7 _aanálisis de costes y beneficios
_928281
650 7 _aasignación de recursos
_927024
650 7 _aEstado-Benefactor
_929481
650 7 _aintegración social
_927283
650 7 _aciencia política
_927232
653 1 0 _aCiencias Sociales-Políticas
700 1 _939382
_aSunstein, Cass R.
700 1 _918102
_aMastrangelo, Stella
_etr.
740 4 2 _aThe cost of rights
830 0 _939377
_aDerecho y política (Siglo XXI editores)
902 _aLIB Libro
942 _2CES
_cBK
_h7.0.